=LDR 00000nam 2200000 4500 =001 INLIS000000000001664 =005 20130612090050 =008 ***********************************Ind** =035 ##$$0010-061300000001664 =041 ##$$a Ind =082 ##$$a 574.07 =090 ##$$a 574.07, Wil-b =100 ##$$a WILARSO, Joko =245 ##$$a Biologi pendidikan dasar 9 tahun untuk SLTP, Joko Wilarso =260 ##$$a 2000 $b Surakarta =300 ##$$a ...jil, ilus, 28 cm =650 ##$$a Biologi =650 ##$$a Studi dan Pengajaran =850 ##$$a NBPNMAT